000 00289nam a22001217a 4500
008 170710b xxu||||| |||| 00| 0 eng d
041 _aeng
080 _a030
100 _a23
101 _aENC
245 _aGALE ENCYCLOPEDIA OF MULTICULTURAL AMERICA
_cVECOLI.R.J
942 _2udc
_cBK
999 _c20186
_d20186